IMDb's Top 100 Rappers Of All Time - Statistics

General Stats
  • This quiz has been taken 142 times
  • The average score is 30 of 100
Answer Stats
# Artist % Correct
87 E-40
96%
64 Bun B
94%
68 Pusha T
94%
37 Big L
91%
5 Eminem
90%
2 The Notorious B.I.G.
89%
4 2Pac
88%
13 Drake
84%
1 JAY-Z
81%
17 Kanye West
80%
26 Kendrick Lamar
80%
86 Pimp C
79%
29 Snoop Dogg
79%
15 Dr. Dre
78%
89 Master P
75%
82 Styles P
75%
27 Ice Cube
72%
32 50 Cent
68%
3 Nas
67%
23 Lil' Wayne
65%
92 Lil' Kim
57%
11 André 3000
51%
18 Eazy-E
50%
45 J. Cole
49%
85 Sean "Diddy" Combs
47%
95 Nicki Minaj
43%
91 Future
41%
41 DMX
36%
38 Ice-T
35%
21 Lauryn Hill
34%
31 LL Cool J
33%
53 Big Pun
31%
16 GZA
31%
35 Method Man
31%
6 Rakim
31%
25 Slick Rick
31%
30 Ghostface Killah
30%
51 Big Boi
29%
59 Rick Ross
29%
54 Busta Rhymes
26%
74 Fat Joe
26%
72 Ol' Dirty Bastard
25%
34 Ludacris
24%
52 Raekwon
24%
7 Run-D.M.C.
23%
44 T.I.
23%
20 Mos Def
22%
36 Redman
22%
24 Common
21%
57 Q-Tip
21%
70 The Game
20%
63 Killer Mike
19%
39 Jadakiss
17%
10 Nelly
17%
61 Prodigy
17%
22 Chuck D
16%
19 KRS-One
16%
48 Lupe Fiasco
16%
75 Queen Latifah
16%
40 AZ
15%
12 Black Thought
15%
77 One Be Lo
14%
9 Big Daddy Kane
13%
90 Gucci Mane
13%
14 Scarface
13%
96 Meek Mill
12%
49 Jeezy
11%
80 Kurupt
11%
50 Talib Kweli
11%
79 Donald Glover
10%
99 Lloyd Banks
10%
93 Mase
9%
58 Twista
9%
46 Cam'ron
8%
84 Macklemore
8%
33 Fabolous
7%
8 Kool G Rap
7%
78 Guru
6%
67 Kool Moe Dee
6%
42 MC Lyte
6%
43 Royce Da 5'9"
6%
66 Canibus
5%
81 Joe Budden
5%
100 Kool Keith
5%
88 Too $hort
5%
83 Brother Ali
4%
76 Immortal Technique
4%
28 Pharoahe Monch
4%
55 Anthony 'Treach' Criss
3%
47 Beanie Sigel
3%
56 Masta Ace
3%
97 Nipsey Hussle
3%
73 Biz Markie
2%
65 Eight Ball
2%
69 Gift of Gab
2%
98 Luther Campbell
2%
60 Posdnuos
2%
94 Stack Bundles
2%
71 Tech N9ne
2%
62 Zack De La Rocha
2%
No matching quizzes found
Score Distribution
Percent of People with Each Score
Percentile by Number Answered
Your Score History
You have not taken this quiz